'B' Logos Close-Up Quiz Stats

 Plays Quiz Updated Apr 23, 2019

Score 0/20 Timer 06:00
13 Plays Today
Hint Answer % Correct
Burger King
99.5%
BMW
97.7%
Batman
97%
Budweiser
96.2%
Ben & Jerry's
94.2%
Best Buy
88.8%
Best Western
84.2%
Baskin-Robbins
80.6%
Bic
80.6%
Buffalo Bills
68.8%
Hint Answer % Correct
Bank of America
68.3%
Buick
67.9%
Bacardi
57.2%
Milwaukee Bucks
51.7%
Bridgestone
49%
Bayern Munich
48.8%
Bugatti
45.8%
Barclays
45.3%
Bitcoin
43.3%
Boeing
25.9%

You're not logged in!

Compare scores with friends on all Sporcle quizzes.
OR
Log In

Sporcle TV

Today on Sporcle TV


Watch our educational content, quiz creation guides, and fun videos on Sporcle TV.

Show Comments

Extras

Top Quizzes Today


Score Distribution

Your Account Isn't Verified!

In order to create a playlist on Sporcle, you need to verify the email address you used during registration. Go to your Sporcle Settings to finish the process.

Report this User

Report this user for behavior that violates our Community Guidelines.

Details: